[Event "Michigan Open Reserve"]
[Site "Romulus, MI"]
[Date "2000.09.??"]
[Round "1.22"]
[White "Holden, Anthony"]
[Black "West, Tony"]
[Result "1/2-1/2"]
[WhiteElo "1414"]
[BlackElo "1731"]
[Annotator "Jeff Aldrich"]
[PlyCount "98"]
[EventDate "2000.09.01"]

{Indian} 1. d4 Nf6 2. e3 d5 3. Bd3 Nc6 4. f4 Nb4 5. Be2 Bf5 6. Na3 e6 7. c3 Nc6
8. Nc2 Bd6 9. Nf3 Nb8 10. Ne5 Nbd7 11. b4 $2 {Creating a huge weakness on the
queen-side. White really needed to castle here.} Ne4 12. Bb5 c6 13. Nxd7 Kxd7 {
Keeping the ...Qh4+ threat intact. White now feels that it is worth
jettisoning the piece to get castled.} 14. O-O cxb5 15. Bb2 h5 16. Qe2 a6 17.
a4 bxa4 18. Rxa4 Qc7 19. Ra3 Qc4 20. Qd1 Bg4 21. Qc1 Rac8 22. Ne1 Be2 23. Rf3
Bxf3 24. gxf3 Nf6 25. Qd1 Ke7 26. Nc2 Nd7 27. Ne1 Nb6 28. Qc2 Bxb4 29. Rb3 a5
$2 (29... Ba5 {takes the pressure off of the bishop, but keeps the heat on the
c-pawn.}) 30. Qd1 Bxc3 31. Rxc3 Qa2 32. Ba3+ Kf6 {Not that the alternatives
are much more aestetically pleasing, but this seem to be stepping into the
fire, especially with that pawn clump ready to rumble.} 33. Bc5 Nc4 34. e4 b6
35. e5+ Kg6 36. Qd3+ f5 37. exf6+ Kxf6 38. Ba3 b5 ({How about} 38... Qd2 {
forcing the queens off, and simplifying the game.}) 39. Bc1 b4 40. Rc2 Qb1 41.
Qe2 b3 42. f5 exf5 $2 (42... Rhe8 {seems to be the best defense. After} 43.
Rxc4 dxc4 44. Qe5+ Kf7 {black will eventually run out of checks.}) 43. Bg5+ $1
Kxg5 44. Qe7+ Kh6 45. Rg2 Qxe1+ 46. Qxe1 Rc6 $6 {Allows white to perpetual.} (
46... g6 {gives black the best opportunity to win.}) 47. Qc1+ Kh7 48. Qg5 g6
49. Qe7+ Kh6 1/2-1/2

[Event "Michigan Open Reserve"]
[Site "Romulus, MI"]
[Date "2000.09.01"]
[Round "1.34"]
[White "Vasos, Brandon"]
[Black "Wright, Walter"]
[Result "0-1"]
[WhiteElo "1049"]
[BlackElo "1552"]
[PlyCount "108"]
[EventDate "2000.09.01"]

1. d4 Nf6 2. Nf3 d6 3. Nc3 g6 4. e4 Bg7 5. Bg5 O-O 6. Bc4 Bg4 7. h3 Bxf3 8.
Qxf3 c6 9. O-O-O Qa5 10. Bd2 Qc7 11. Bg5 Nbd7 12. Rhe1 e6 13. Qf4 Nh5 14. Qf3
d5 15. Bb3 c5 16. dxc5 Ne5 17. Nb5 Qxc5 18. Qe2 a6 19. Be3 Qxb5 20. Qxb5 axb5
21. exd5 Nc4 22. c3 Ra6 23. Bxc4 bxc4 24. d6 Rd8 25. d7 Nf6 26. Bd4 Rxd7 27.
Bxf6 Rxd1+ 28. Rxd1 Bxf6 29. a3 b5 30. f4 b4 31. cxb4 c3 32. bxc3 Rxa3 33. Rd3
Rxc3+ 34. Rxc3 Bxc3 35. b5 Bd4 36. Kd2 Kg7 37. Kd3 Bb6 38. Ke4 Kf6 39. g4 Ke7
40. f5 Kf6 41. h4 exf5+ 42. gxf5 gxf5+ 43. Kf4 Bc7+ 44. Ke3 Ke5 45. h5 f4+ 46.
Kf3 Kf5 47. Ke2 Kg5 48. Kf3 Kxh5 49. b6 Bxb6 50. Kxf4 Kh4 51. Kf5 h5 52. Kf4
Kh3 53. Kg5 h4 54. Kf4 Kg2 0-1

[Event "Michigan Open"]
[Site "Romulus, MI"]
[Date "2000.09.01"]
[Round "1.6"]
[White "Vandivier, Don"]
[Black "Turner, George"]
[Result "1/2-1/2"]
[WhiteElo "1850"]
[BlackElo "2150"]
[PlyCount "81"]
[EventDate "2000.09.01"]

1. e4 d6 2. d4 Nf6 3. Nc3 g6 4. f3 Bg7 5. Be3 a6 6. Qd2 b5 7. a3 Nbd7 8. Bh6
Bxh6 9. Qxh6 c5 10. Nge2 Qa5 11. dxc5 b4 12. Na2 b3+ 13. Nac3 Nxc5 14. Nc1 Rb8
15. cxb3 Nxb3 16. Nxb3 Rxb3 17. Qd2 Be6 18. Nd1 Qb6 19. Qe2 a5 20. Qa6 O-O 21.
Qxb6 Rxb6 22. Rc1 Rfb8 23. Bd3 Nd7 24. Rc7 Kf8 25. a4 Nc5 26. Bb5 R8b7 27. Rxb7
Rxb7 28. Nc3 Bd7 29. Ke2 Bxb5+ 30. axb5 e6 31. Ke3 e5 32. Ra1 a4 33. Ra3 f5 34.
Kd2 fxe4 35. fxe4 Kf7 36. Ke3 Ke6 37. Ra1 h6 38. Rf1 g5 39. g3 Ra7 40. Nd5 Nd7
41. Ra1 1/2-1/2

[Event "Michigan Open"]
[Site "Romulus, MI"]
[Date "2000.09.01"]
[Round "1.18"]
[White "Thomas, Courtney"]
[Black "Pierce, Kevin"]
[Result "0-1"]
[WhiteElo "1091"]
[BlackElo "1902"]
[PlyCount "62"]
[EventDate "2000.09.01"]

1. d4 g6 2. Nf3 Bg7 3. e3 Nf6 4. Bd3 c5 5. O-O cxd4 6. exd4 O-O 7. c3 d6 8. h3
b6 9. Bf4 Bb7 10. Re1 Re8 11. Nbd2 e5 12. dxe5 dxe5 13. Nxe5 Rxe5 14. Bxe5 Qxd3
15. Re3 Qb5 16. Nf3 Nc6 17. Bxf6 Bxf6 18. Qd7 Ba6 19. Rae1 Kg7 20. Re8 Rxe8 21.
Qxe8 Qd5 22. Qe4 Qc5 23. Qe3 Qxe3 24. fxe3 Bc4 25. Nd4 Ne5 26. b3 Bd5 27. e4
Bb7 28. Kf1 Nd3 29. Rd1 Bxe4 30. Ke2 Nf4+ 31. Kf2 Bxg2 0-1

[Event "Michigan Open"]
[Site "Romulus, MI"]
[Date "2000.09.01"]
[Round "1.17"]
[White "Sudharsan, Krishnan"]
[Black "Smith, Walt"]
[Result "1/2-1/2"]
[WhiteElo "1925"]
[BlackElo "1961"]
[PlyCount "85"]
[EventDate "2000.09.01"]

1. e4 c5 2. Nf3 Nc6 3. d4 cxd4 4. Nxd4 Nf6 5. Nc3 g6 6. Be2 Bg7 7. Nb3 O-O 8.
O-O d6 9. Be3 a5 10. a4 Be6 11. Nd4 Rc8 12. Nxe6 fxe6 13. Qd2 d5 14. exd5 Nxd5
15. Bg4 Bxc3 16. Bxe6+ Kh8 17. bxc3 Nxe3 18. Qxe3 Rc7 19. Rfd1 Qb8 20. Rab1 Rf6
21. h3 Nd8 22. Bd5 Rd7 23. Bf3 Qc7 24. Rxd7 Qxd7 25. Qd4 Qc7 26. Rd1 Ne6 27.
Qd7 Qc5 28. Re1 Qf5 29. Qxb7 Ng5 30. h4 Nxf3+ 31. Qxf3 Qxf3 32. gxf3 Rxf3 33.
Re5 Rxc3 34. Rxa5 Kg7 35. Rb5 Rxc2 36. a5 Kf6 37. Kg2 g5 38. Kf3 Rc3+ 39. Kg2
h5 40. Rb6+ Kf5 41. a6 Ra3 42. Rh6 Ke5 43. Re6+ 1/2-1/2

[Event "Michigan Open Reserve"]
[Site "Romulus, MI"]
[Date "2000.09.01"]
[Round "1.44"]
[White "Steen, Harold"]
[Black "Aguilar, Javier"]
[Result "1-0"]
[WhiteElo "1670"]
[BlackElo "1254"]
[PlyCount "99"]
[EventDate "2000.09.01"]

1. d4 d5 2. e3 Nf6 3. Bd3 e6 4. Nf3 Bd6 5. b3 Nc6 6. Bb2 O-O 7. O-O h6 8. Nbd2
Re8 9. Ne5 Ne7 10. f4 c5 11. Rf3 cxd4 12. exd4 Bxe5 13. fxe5 Nh7 14. Bxh7+ Kxh7
15. Rxf7 Rf8 16. Qf3 Nf5 17. Rxf8 Qxf8 18. g4 Qb4 19. Qd3 Qe7 20. Nf3 Kg8 21.
gxf5 exf5 22. a4 Bd7 23. Ba3 Qf7 24. Kf2 f4 25. Rg1 Bf5 26. Qd2 Rc8 27. c3 Be4
28. Bb2 Bxf3 29. Kxf3 Qh5+ 30. Kg2 f3+ 31. Kh1 Rf8 32. Qf2 g5 33. Bc1 Qg6 34.
c4 Kg7 35. cxd5 g4 36. d6 h5 37. d5 Qe4 38. e6 Qxd5 39. Bb2+ Kg8 40. e7 Re8 41.
Ba3 Kf7 42. Re1 h4 43. d7 Qxd7 44. Qe3 Qc6 45. Qf4+ Kg6 46. Qxg4+ Kf7 47. Qf4+
Qf6 48. Qxf6+ Kxf6 49. Rf1 Kg7 50. Rxf3 1-0

[Event "Michigan Open Reserve"]
[Site "Romulus, MI"]
[Date "2000.09.01"]
[Round "1.28"]
[White "Sobh, Tarek"]
[Black "Griffin, John"]
[Result "1/2-1/2"]
[WhiteElo "1196"]
[BlackElo "1610"]
[PlyCount "100"]
[EventDate "2000.09.01"]

1. e4 c5 2. Nf3 Nc6 3. Bb5 Nd4 4. Nxd4 cxd4 5. c3 a6 6. Bd3 dxc3 7. dxc3 e6 8.
Be3 d5 9. e5 Qc7 10. Bd4 Bc5 11. Bxc5 Qxc5 12. Qg4 Qf8 13. O-O g6 14. Nd2 Ne7
15. Nf3 Qg7 16. Rfe1 O-O 17. Qh4 Bd7 18. Qxe7 f5 19. Qxg7+ Kxg7 20. Nd4 Rac8
21. Rac1 Rc7 22. f4 Rb8 23. a4 Kf7 24. b3 Rbc8 25. c4 dxc4 26. Bxc4 Ke7 27.
Red1 b5 28. axb5 axb5 29. Rc3 bxc4 30. Rdc1 Kd8 31. bxc4 Ke7 32. c5 Bc6 33. g3
Bd5 34. c6 Rb8 35. h4 Rb4 36. Rd1 Rb6 37. Rdc1 Rb4 38. Rd3 Rb6 39. Rdc3 Rb4 40.
Nc2 Rb6 41. Nd4 Rb4 42. Rd1 Rb6 43. Rdc1 Rb4 44. Rd3 Rb6 45. Rdc3 Rb4 46. Rd1
Rb6 47. Rdc1 Rb4 48. Nf3 Rb6 49. Nd4 Rb4 50. Rd3 Rb6 1/2-1/2

[Event "Michigan Open Reserve"]
[Site "Romulus, MI"]
[Date "2000.09.01"]
[Round "1.38"]
[White "Sobh, Bassel"]
[Black "Foord, Allan"]
[Result "0-1"]
[WhiteElo "865"]
[BlackElo "1500"]
[PlyCount "54"]
[EventDate "2000.09.01"]

1. e4 c5 2. Nc3 d6 3. Nf3 Nc6 4. Bb5 a6 5. Bxc6+ bxc6 6. d3 e6 7. O-O Be7 8.
Be3 Nf6 9. Ng5 h6 10. Nh3 e5 11. Qf3 g5 12. Nxg5 hxg5 13. Bxg5 Bg4 14. Qe3 Nh7
15. Bxe7 Qxe7 16. Qg3 Qg5 17. f3 Be6 18. Qxg5 Nxg5 19. f4 exf4 20. Rxf4 Ke7 21.
Ne2 Rag8 22. Kf1 Rxh2 23. Ng3 Nh7 24. Kf2 Ng5 25. Rh1 Rxh1 26. Nxh1 Bxa2 27.
Rg4 Bb1 0-1

[Event "Michigan Open"]
[Site "Romulus, MI"]
[Date "2000.09.01"]
[Round "1.14"]
[White "Smalec, John"]
[Black "Aldrich, Jeff"]
[Result "0-1"]
[WhiteElo "1723"]
[BlackElo "1949"]
[PlyCount "48"]
[EventDate "2000.09.01"]

1. e4 c6 2. d4 d5 3. exd5 cxd5 4. Bd3 Nc6 5. c3 Qc7 6. Nf3 Bg4 7. O-O e6 8. h3
Bh5 9. Nbd2 Nf6 10. Qe1 Bd6 11. Ng5 O-O 12. a4 e5 13. dxe5 Nxe5 14. Be2 Bg6 15.
f4 Nd3 16. Qh4 Nxf4 17. Bd1 N4h5 18. Nb3 Bh2+ 19. Kh1 Bg3 20. Qd4 Be5 21. Qf2
Ng3+ 22. Kg1 Nxf1 23. Qxf1 Rae8 24. Bf3 h6 0-1

[Event "Michigan Open Reserve"]
[Site "Romulus, MI"]
[Date "2000.09.01"]
[Round "1.33"]
[White "Schell, Ken"]
[Black "Vasos, John"]
[Result "1-0"]
[WhiteElo "1555"]
[BlackElo "1092"]
[PlyCount "47"]
[EventDate "2000.09.01"]

1. c4 e5 2. Nc3 Nc6 3. g3 Bc5 4. Bg2 Nge7 5. e3 O-O 6. a3 a6 7. d3 d6 8. Nge2
Bg4 9. Qc2 Bf5 10. Bd2 Qd7 11. h4 Rab8 12. Nd5 Be6 13. Bc3 Nxd5 14. cxd5 Bg4
15. dxc6 bxc6 16. O-O-O Be6 17. Rde1 Bb3 18. Qd2 Rfe8 19. d4 exd4 20. Nxd4 Bd5
21. e4 Bc4 22. f4 Ba2 23. b4 Bxd4 24. Qxd4 1-0

[Event "Michigan Open"]
[Site "Romulus, MI"]
[Date "2000.09.01"]
[Round "1.11"]
[White "Roe, Philip"]
[Black "Jones, Gary"]
[Result "1-0"]
[WhiteElo "2010"]
[BlackElo "1777"]
[PlyCount "175"]
[EventDate "2000.09.01"]

1. e4 d5 2. exd5 Nf6 3. d4 Nxd5 4. Nf3 Nc6 5. c4 Nb6 6. d5 Nb4 7. a3 Na6 8. Nc3
Bg4 9. Be2 g6 10. Be3 Bg7 11. Bd4 Bxf3 12. Bxg7 Bxg2 13. Rg1 Rg8 14. Bd4 Bh3
15. Qd3 Qd7 16. c5 Nxd5 17. Nxd5 Qxd5 18. O-O-O Bf5 19. Qc3 Rd8 20. Bf3 Be4 21.
Be3 Bxf3 22. Rxd5 Bxd5 23. b4 c6 24. Re1 Nc7 25. Qe5 Ne6 26. h4 f6 27. Qg3 Kf7
28. Bd2 Rd7 29. Bc3 Rgd8 30. Qe3 Bc4 31. Qh6 Nf8 32. Qf4 Be6 33. Kb2 Bf5 34. h5
Rd3 35. hxg6+ hxg6 36. Qc4+ Be6 37. Qh4 Rh3 38. Qf4 Bf5 39. Re3 Ne6 40. Qc4 Rh2
41. Re2 Rd5 42. Qb3 Nf4 43. Rd2 Nd3+ 44. Ka1 Rh1+ 45. Rd1 Rh2 46. Bd4 Rh3 47.
Be3 e6 48. Qc4 Nxf2 49. Rxd5 exd5 50. Qf4 Rh1+ 51. Ka2 Bb1+ 52. Kb3 Nd3 53.
Qc7+ Ke6 54. Qxb7 g5 55. Qxc6+ Ke5 56. Qd6+ Ke4 57. Qe6+ Ne5 58. Bd2 g4 59. c6
Rh7 60. Bc3 d4 61. Be1 Rh3+ 62. Kb2 Bd3 63. c7 Rh2+ 64. Ka1 Rc2 65. c8=Q Rxc8
66. Qxc8 a6 67. Bg3 Kf3 68. Bxe5 fxe5 69. Qf8+ Ke3 70. Qg7 Kf4 71. Qh6+ Kf3 72.
Qf6+ Ke4 73. Qg6+ Ke3 74. Qxg4 Bb5 75. Kb2 e4 76. Kc1 Bd3 77. Qg5+ Ke2 78. Qg2+
Ke3 79. Qg1+ Ke2 80. Qxd4 e3 81. a4 Bf5 82. Qf4 Bd7 83. Qc4+ Kf2 84. Qf7+ Ke1
85. Qxd7 e2 86. b5 Kf1 87. bxa6 e1=Q+ 88. Qd1 1-0

[Event "Michigan Open Reserve"]
[Site "Romulus, MI"]
[Date "2000.09.01"]
[Round "1.30"]
[White "Raugh, Walter"]
[Black "Carr, Jay"]
[Result "1/2-1/2"]
[WhiteElo "1150"]
[BlackElo "1600"]
[PlyCount "98"]
[EventDate "2000.09.01"]

1. e4 c5 2. Nf3 Nf6 3. Nc3 d5 4. exd5 Nxd5 5. Bb5+ Bd7 6. Bxd7+ Qxd7 7. Nxd5
Qxd5 8. O-O e6 9. Re1 Nc6 10. b3 Be7 11. Bb2 O-O 12. Ne5 Bf6 13. Nxc6 Qxc6 14.
Bxf6 gxf6 15. Qg4+ Kh8 16. Qh4 e5 17. Re3 Rg8 18. g3 Rad8 19. d3 Qe6 20. Qe4
Rd5 21. Rf3 Rg4 22. Rxf6 Rxe4 23. Rxe6 Re2 24. Re8+ Kg7 25. Rc1 e4 26. Rxe4
Rxe4 27. dxe4 Rd4 28. e5 Kg6 29. Kf1 Kf5 30. f4 Rd2 31. Kg1 Kg4 32. a4 Kh3 33.
c4 Rxh2 34. Rc3 Rg2+ 35. Kf1 Rd2 36. f5 Rd7 37. Kf2 Kg4 38. e6 fxe6 39. fxe6
Re7 40. Re3 Kf5 41. Kf3 Rxe6 42. g4+ Kf6 43. g5+ Kf5 44. Rxe6 Kxe6 45. Ke4 Kf7
46. Kf5 Ke7 47. a5 a6 48. Ke5 Kf7 49. Kf5 Ke7 1/2-1/2

[Event "Michigan Open Reserve"]
[Site "Romulus, MI"]
[Date "2000.09.01"]
[Round "1.31"]
[White "Raban, David"]
[Black "Sobh, Alex"]
[Result "1-0"]
[WhiteElo "1568"]
[BlackElo "1146"]
[PlyCount "39"]
[EventDate "2000.09.01"]

1. d4 Nf6 2. c4 d5 3. cxd5 Nxd5 4. Nf3 f6 5. e4 Nb6 6. Nc3 a6 7. Bf4 e6 8. Bd3
Be7 9. O-O O-O 10. Rc1 Nc6 11. Bb1 Bd6 12. e5 fxe5 13. Bxh7+ Kxh7 14. Ng5+ Kg8
15. Qh5 Rxf4 16. Qh7+ Kf8 17. Qh8+ Ke7 18. Qxg7+ Ke8 19. Qg6+ Kd7 20. Qxe6# 1-0

[Event "Michigan Open Reserve"]
[Site "Romulus, MI"]
[Date "2000.09.01"]
[Round "1.21"]
[White "Neshewat, Michael"]
[Black "Haygood, Norman"]
[Result "0-1"]
[WhiteElo "1775"]
[BlackElo "1416"]
[Annotator "Jeff Aldrich"]
[PlyCount "88"]
[EventDate "2000.09.01"]

{Caro-Kann: Classical} 1. e4 c6 2. d4 d5 3. Nd2 dxe4 4. Nxe4 Bf5 5. Bd3 $2 Bxe4
({Why not} 5... Qxd4) 6. Bxe4 Nf6 7. Bf3 e6 8. Ne2 Bd6 9. O-O O-O 10. c4 Nbd7
11. Qb3 Rb8 12. Rd1 Qc7 13. h3 c5 14. Be3 cxd4 15. Nxd4 Nc5 16. Qc2 a6 17. b4
Ncd7 18. c5 Bh2+ 19. Kh1 Bf4 20. Ne2 $6 (20. Bxf4 {keeps the king-side pawn
structure intact, white's advanced queen-side majority gives him the advantage.
}) 20... Bxe3 21. fxe3 Ne5 22. Nf4 Nxf3 23. gxf3 Rbd8 24. Rg1 Rd7 25. Qg2 g6
26. Qg5 Qd8 27. e4 Kh8 28. a4 Rd2 29. e5 Ng8 30. Qg3 Ne7 31. Qe1 Nf5 32. Rd1
Rxd1 33. Qxd1 Qc7 34. Re1 Rd8 {Black now has control of the d-file. The white
knight is poorly posted and his king is more exposed.} 35. Qc2 Rd4 36. Nd3 Qd8
37. Nf2 Rxb4 38. c6 bxc6 39. Qxc6 Rb2 40. Rd1 Rd2 41. Rxd2 Qxd2 42. Qc5 Kg7 43.
a5 $2 {DIAGRAM} ({It's probably already too late, but} 43. Ne4 {might give the
queen the opportunity to get back to help.}) 43... Ne3 $1 44. Qe7 Qe1+ 0-1

[Event "Michigan Open Reserve"]
[Site "Romulus, MI"]
[Date "2000.09.01"]
[Round "1.27"]
[White "Moore, Robert"]
[Black "Choate, Eric"]
[Result "1/2-1/2"]
[WhiteElo "1627"]
[BlackElo "1242"]
[PlyCount "135"]
[EventDate "2000.09.01"]

1. e4 e5 2. Nf3 Nc6 3. Bb5 d6 4. O-O Bd7 5. d4 exd4 6. Nxd4 Nxd4 7. Bxd7+ Qxd7
8. Qxd4 Nf6 9. Nc3 Be7 10. Bg5 h6 11. Bh4 O-O 12. Rfe1 Rfe8 13. Rad1 b6 14. h3
Rad8 15. Qc4 Nh5 16. Bxe7 Rxe7 17. Nb5 Re5 18. Qxc7 Qxc7 19. Nxc7 Rc8 20. Nd5
Rxc2 21. Ne3 Rc7 22. Nd5 Rc4 23. f3 Re6 24. Kf2 Nf6 25. Nf4 Re5 26. Rxd6 Rec5
27. Re2 Rc2 28. Rdd2 R2c4 29. b3 Rc3 30. e5 Ne8 31. Rd8 Rc8 32. Rd7 R3c7 33.
Rxc7 Rxc7 34. Nd5 Rd7 35. Nc3 Nc7 36. f4 Ne6 37. g3 Kf8 38. Nb5 a6 39. Nd6 Rc7
40. Rd2 g6 41. Ke3 Rc3+ 42. Rd3 Rc2 43. Rd2 Rc3+ 44. Kf2 Nc5 45. Kg2 b5 46. b4
Nd3 47. Ne4 Ra3 48. h4 Nxb4 49. Nc5 Rxa2 50. Rxa2 Nxa2 51. Nxa6 b4 52. Nc5 Nc1
53. Na4 Nd3 54. Kf3 b3 55. Ke2 b2 56. Nc3 Nc5 57. Nb1 Ke7 58. Ke3 Ke6 59. Kd4
Nd7 60. g4 h5 61. gxh5 gxh5 62. Ke4 f6 63. f5+ Ke7 64. e6 Ne5 65. Nc3 Kd6 66.
Nb5+ Kc6 67. Nc3 Kd6 68. Nb5+ 1/2-1/2

[Event "Michigan Open Reserve"]
[Site "Romulus, MI"]
[Date "2000.09.01"]
[Round "1.24"]
[White "Mitchell, Dave"]
[Black "Bostic, Donald"]
[Result "0-1"]
[WhiteElo "1373"]
[BlackElo "1693"]
[PlyCount "52"]
[EventDate "2000.09.01"]

1. Nf3 g6 2. g3 Bg7 3. Bg2 d6 4. d3 e5 5. O-O Ne7 6. e4 O-O 7. Bg5 h6 8. Be3
Be6 9. Qd2 Kh7 10. Nc3 Qd7 11. a4 a6 12. b4 Bh3 13. Bxh3 Qxh3 14. b5 f5 15.
Ng5+ hxg5 16. Bxg5 Bf6 17. Bxf6 f4 18. gxf4 Rxf6 19. f3 Rxf4 20. Qg2 Qxg2+ 21.
Kxg2 Nd7 22. Ne2 Rf7 23. Ng1 Nf8 24. Rf2 axb5 25. a5 Nc6 26. Nh3 Ne6 0-1

[Event "Michigan Open"]
[Site "Romulus, MI"]
[Date "2000.09.01"]
[Round "1.16"]
[White "McCormick, Tim"]
[Black "Randall, Paul"]
[Result "0-1"]
[WhiteElo "1468"]
[BlackElo "1929"]
[PlyCount "28"]
[EventDate "2000.09.01"]

1. d4 Nf6 2. Bg5 g6 3. Bxf6 exf6 4. c4 Bg7 5. Nc3 O-O 6. e3 d6 7. Bd3 f5 8.
Nge2 Nc6 9. Qc2 a6 10. O-O Bd7 11. a4 b5 12. Nd5 Ne7 13. Ndf4 bxc4 14. Ra3 c5
0-1

[Event "Michigan Open"]
[Site "Romulus, MI"]
[Date "2000.09.01"]
[Round "1.9"]
[White "Mazuchowski, Tom"]
[Black "Drysdale, Gilbert"]
[Result "1/2-1/2"]
[WhiteElo "2095"]
[BlackElo "1813"]
[PlyCount "114"]
[EventDate "2000.09.01"]

1. e4 d5 2. exd5 Nf6 3. Be2 Qxd5 4. Bf3 Qd6 5. d4 Nc6 6. c3 Bf5 7. Na3 O-O-O 8.
Nb5 Qe6+ 9. Qe2 Qxe2+ 10. Nxe2 Be4 11. Bxe4 Nxe4 12. Bf4 a6 13. f3 Nf6 14. Na3
Nd5 15. Bd2 e5 16. Nc2 exd4 17. Nexd4 Ne5 18. O-O c5 19. Nf5 Nc4 20. Bc1 g6 21.
Nfe3 Ncxe3 22. Nxe3 Nf4 23. g3 Ne2+ 24. Kg2 Bh6 25. f4 Nxc1 26. Raxc1 Rd2+ 27.
Rf2 Rhd8 28. Rcf1 Bg7 29. Nc4 Rxf2+ 30. Rxf2 b5 31. Nd2 f5 32. Re2 c4 33. Nf3
Kc7 34. Ng5 Rd7 35. Nxh7 Bxc3 36. bxc3 Rxh7 37. h4 Kd7 38. Kf2 Rh8 39. a4 Re8
40. Rd2+ Kc6 41. axb5+ axb5 42. Kf3 Re1 43. Re2 Rxe2 44. Kxe2 b4 45. cxb4 Kb5
46. g4 fxg4 47. f5 gxf5 48. h5 g3 49. h6 g2 50. Kf2 c3 51. h7 c2 52. h8=Q g1=Q+
53. Kxg1 c1=Q+ 54. Kg2 Qg5+ 55. Kh1 Qc1+ 56. Kg2 Qg5+ 57. Kh1 Qc1+ 1/2-1/2

[Event "Michigan Open"]
[Site "Romulus, MI"]
[Date "2000.09.01"]
[Round "1.15"]
[White "Jarosz, Stan"]
[Black "al-Shareef, Robert"]
[Result "1-0"]
[WhiteElo "1948"]
[BlackElo "1884"]
[PlyCount "61"]
[EventDate "2000.09.01"]

1. d4 Nf6 2. c4 g6 3. Nc3 d5 4. Nf3 Bg7 5. Bg5 Ne4 6. cxd5 Nxg5 7. Nxg5 e6 8.
Nf3 exd5 9. e3 O-O 10. Bd3 Nc6 11. a3 a6 12. O-O Qd6 13. Rc1 b6 14. b4 Nb8 15.
Qb3 Be6 16. Ng5 Nd7 17. Nxe6 fxe6 18. b5 c5 19. bxc6 Qxc6 20. Nb5 Qb7 21. Nc7
Rf6 22. Nxa8 Qxa8 23. Rc7 Rf7 24. Qc2 Bf8 25. Rc1 Qd8 26. Bxg6 Rg7 27. Bd3 Qg5
28. f4 Qh4 29. Bxa6 Bxa3 30. Ra1 Bd6 31. Rxd7 1-0

[Event "Michigan Open Reserve"]
[Site "Romulus, MI"]
[Date "2000.09.01"]
[Round "1.39"]
[White "Imai, Toshio"]
[Black "Dolin, Jack"]
[Result "1-0"]
[WhiteElo "1500"]
[BlackElo "1314"]
[PlyCount "119"]
[EventDate "2000.09.01"]

1. e4 e5 2. Bc4 c6 3. Qf3 Qf6 4. Nc3 Bb4 5. a3 Ba5 6. b4 Bb6 7. Bb2 d6 8. Qxf6
Nxf6 9. Nf3 Bg4 10. Ng5 Bh5 11. f3 h6 12. Nh3 Nbd7 13. Nf2 Bd4 14. Ncd1 Bxb2
15. Nxb2 Nb6 16. Bb3 d5 17. d3 a5 18. O-O axb4 19. axb4 Kd7 20. c4 d4 21. c5
Rxa1 22. Rxa1 Ra8 23. Rxa8 Nxa8 24. Nc4 Ke7 25. Nxe5 Nd7 26. Nxd7 Kxd7 27. Nd1
Nc7 28. Nb2 Na6 29. Kf2 Nxb4 30. Ke2 Na6 31. Na4 Bg6 32. Bc4 f5 33. Bxa6 bxa6
34. exf5 Bxf5 35. Nb2 Ke6 36. g4 Bg6 37. f4 Kd5 38. Na4 Be8 39. h4 h5 40. g5 g6
41. Kd2 Bd7 42. Nb6+ Ke6 43. Ke2 Be8 44. Kf3 Kf5 45. Nc4 Bf7 46. Nd6+ Ke6 47.
Nxf7 Kxf7 48. Ke4 a5 49. Kxd4 a4 50. Kc4 a3 51. Kb3 a2 52. Kxa2 Ke6 53. Kb3 Kf5
54. d4 Ke4 55. Kc4 Kxf4 56. d5 Kf5 57. dxc6 Ke6 58. Kd4 Ke7 59. Ke5 Kd8 60. Kf6
1-0

[Event "Michigan Open"]
[Site "Romulus, MI"]
[Date "2000.09.01"]
[Round "1.8"]
[White "Hamood, Al"]
[Black "Levi, Ariel"]
[Result "0-1"]
[WhiteElo "1818"]
[BlackElo "2123"]
[PlyCount "52"]
[EventDate "2000.09.01"]

1. d4 Nf6 2. c4 c5 3. Nf3 cxd4 4. Nxd4 e6 5. g3 d5 6. Bg2 e5 7. Nf3 d4 8. O-O
Nc6 9. e4 Be7 10. a3 a5 11. b3 O-O 12. Nbd2 Nd7 13. Ne1 Nc5 14. Bb2 Be6 15.
Ndf3 a4 16. Rc1 Nxb3 17. Rc2 f6 18. Nd3 Nca5 19. Nh4 Nxc4 20. Nf5 Nxa3 21. Bxa3
Bxa3 22. f4 Bd6 23. Bh3 Qd7 24. Rb2 Rac8 25. g4 exf4 26. Nxf4 Bxf4 0-1

[Event "Michigan Open"]
[Site "Romulus, MI"]
[Date "2000.09.01"]
[Round "1.7"]
[White "Hahn, David"]
[Black "Williams, Ken"]
[Result "1-0"]
[WhiteElo "2143"]
[BlackElo "1831"]
[PlyCount "41"]
[EventDate "2000.09.01"]

1. c4 g6 2. Nc3 Bg7 3. d4 d6 4. e4 Nc6 5. d5 Nd4 6. Nge2 c5 7. Nxd4 Bxd4 8. Bd3
e6 9. O-O Bxc3 10. bxc3 e5 11. f4 f6 12. Qf3 Qe7 13. Rb1 Kd8 14. fxe5 dxe5 15.
Bg5 fxg5 16. Qf8+ Qxf8 17. Rxf8+ Ke7 18. Rbf1 Nf6 19. Rxh8 b6 20. d6+ Ke6 21.
Rxf6+ 1-0

[Event "Michigan Open Reserve"]
[Site "Romulus, MI"]
[Date "2000.09.01"]
[Round "1.26"]
[White "Gorman, Jonathan"]
[Black "McCarter, Robert"]
[Result "1-0"]
[WhiteElo "1268"]
[BlackElo "1649"]
[PlyCount "106"]
[EventDate "2000.09.01"]

1. c4 c5 2. Nc3 Nc6 3. g3 g6 4. Bg2 Bg7 5. Nf3 e6 6. e4 Nge7 7. Ng5 O-O 8. d3
Nd4 9. O-O Nec6 10. Nf3 d6 11. Ne2 Nxf3+ 12. Bxf3 Bd7 13. Rb1 Rb8 14. h4 h5 15.
Bg2 Kh7 16. Bd2 Ne5 17. Bc3 b5 18. f4 Ng4 19. Bxg7 Kxg7 20. Qd2 Qb6 21. Bh3 f5
22. Bxg4 fxg4 23. Rf2 bxc4 24. Qc3+ Kh7 25. Qxc4 Qc6 26. b3 d5 27. Qc2 d4 28.
Rc1 Rfc8 29. Qd2 Qd6 30. Rcf1 Rf8 31. Kh2 Rf7 32. Rc1 Qf8 33. Rc2 e5 34. Nc1
exf4 35. Rxf4 Rxf4 36. Qxf4 Qxf4 37. gxf4 Rc8 38. a3 a5 39. Kg3 Kg7 40. Kf2 Kf6
41. Ne2 Bb5 42. Nxd4 Bxd3 43. e5+ Ke7 44. Rc3 Ba6 45. Nc2 Ke6 46. Ne3 Bb7 47.
Nc4 Ra8 48. Nb6 Ra6 49. Na4 Kf5 50. Kg3 Bd5 51. Nxc5 Rc6 52. b4 axb4 53. axb4
Rb6 1-0